[Event "PRO League Group Stage"]
[Site "chess.com INT"]
[Date "2019.02.21"]
[Round "7"]
[White "Skuhala, Luka"]
[Black "Seliverstov, Vladimir"]
[Result "0-1"]
[BlackTitle "IM"]
[WhiteElo "2119"]
[BlackElo "2462"]
[WhiteTeam "Ljubljana Turtles"]
[BlackTeam "Moscow Wizards"]
[WhiteFideId "14605678"]
[BlackFideId "4192036"]
[EventDate "2019.01.08"]

1. e4 g6 2. d4 Bg7 3. Be3 d6 4. Qd2 c5 5. c3 Nf6 6. Bd3 Nbd7 7. h3 O-O 8. Nf3 b6
9. a4 Bb7 10. d5 e6 11. c4 exd5 12. exd5 Re8 13. O-O Ne4 14. Qc2 f5 15. Nc3 Nxc3
16. bxc3 Qf6 17. Bf4 Qxc3 18. Bxd6 Qxc2 19. Bxc2 Bxa1 20. Rxa1 Ba6 21. Bd3 Nf6
22. Ra3 Rad8 23. Bc7 Rd7 24. d6 Ne4 25. Bxe4 fxe4 26. Nd2 Re6 27. Re3 Rexd6 28.
Bxd6 Rxd6 29. Nxe4 Rd1+ 30. Kh2 Bxc4 31. a5 Kg7 32. axb6 axb6 33. Rc3 Bd5 34.
Ng3 Rd2 35. f3 Kf6 36. Nf1 Ra2 37. Kg3 Be6 38. Ne3 Rb2 39. h4 h5 40. Rd3 Rb3 41.
Rxb3 Bxb3 42. Kf4 Be6 43. g4 b5 44. g5+ Ke7 45. Ke4 b4 46. f4 c4 47. Kd4 c3 48.
Kd3 Kd6 49. Kc2 Kc5 50. f5 gxf5 51. g6 Kd4 52. Nd1 b3+ 53. Kc1 f4 54. g7 b2+ 55.
Nxb2 cxb2+ 56. Kxb2 f3 0-1

[Event "PRO League Group Stage"]
[Site "chess.com INT"]
[Date "2019.02.21"]
[Round "7"]
[White "Meshkovs, Nikita"]
[Black "Postny, Evgeny"]
[Result "1-0"]
[WhiteTitle "GM"]
[BlackTitle "GM"]
[WhiteElo "2557"]
[BlackElo "2623"]
[WhiteTeam "Estonia Horses"]
[BlackTeam "Pittsburgh Pawngrabbers"]
[WhiteFideId "11602740"]
[BlackFideId "2804344"]
[EventDate "2019.01.08"]

1. Nf3 d5 2. g3 c6 3. Bg2 Bg4 4. O-O Nd7 5. d3 e5 6. Nbd2 Ngf6 7. h3 Bh5 8. e4
dxe4 9. dxe4 Bc5 10. Qe1 O-O 11. Nc4 Bxf3 12. Bxf3 Re8 13. a4 a5 14. Bd2 b6 15.
Rd1 Qc7 16. Bc3 Rad8 17. h4 h6 18. b3 Qb8 19. Rd3 Qc7 20. Qa1 Bd4 21. Bxd4 exd4
22. Rxd4 c5 23. Rd3 Nxe4 24. Bxe4 Rxe4 25. Rfd1 Ree8 26. Nd6 Rf8 27. Nf5 f6 28.
Ne7+ Kh7 29. Nd5 Qb8 30. f4 Rfe8 31. Qc3 Nf8 32. Qd2 Rd6 33. c3 Rde6 34. Qc2 Kh8
35. R3d2 Re1+ 36. Rxe1 Rxe1+ 37. Kf2 Qe8 38. Re2 Rxe2+ 39. Qxe2 Qc6 40. Qe4 Qd6
41. Ke3 Ne6 42. h5 Kg8 43. Kd3 Kf8 44. Kc4 Kf7 45. Qg6+ Kf8 46. Nxf6 Nc7 47.
Nh7+ Ke7 48. Qxg7+ Ke8 49. Nf6+ Kd8 50. Qg8+ Ke7 51. Nd5+ Nxd5 52. Qxd5 b5+ 53.
axb5 1-0

[Event "PRO League Group Stage"]
[Site "chess.com INT"]
[Date "2019.02.21"]
[Round "7"]
[White "Burg, Twan"]
[Black "Le, Tuan Minh"]
[Result "0-1"]
[WhiteTitle "GM"]
[BlackTitle "IM"]
[WhiteElo "2514"]
[BlackElo "2515"]
[WhiteTeam "Estonia Horses"]
[BlackTeam "Pittsburgh Pawngrabbers"]
[WhiteFideId "1010697"]
[BlackFideId "12401153"]
[EventDate "2019.01.08"]

1. e4 c5 2. Nc3 Nc6 3. Nf3 g6 4. d4 cxd4 5. Nxd4 Bg7 6. Be3 d6 7. Be2 Nf6 8. O-O
O-O 9. Nb3 Be6 10. Re1 Rc8 11. Nd4 Nxd4 12. Bxd4 a6 13. a4 Nd7 14. Bxg7 Kxg7 15.
Qd4+ Kg8 16. a5 Qc7 17. Qd2 Rfd8 18. Kh1 Qc5 19. f4 Nf6 20. Bd3 Qb4 21. Reb1 Bd7
22. Qe2 Bc6 23. Ra2 d5 24. e5 Ne4 25. Nd1 Nc5 26. c3 Qxf4 27. Bc2 d4 28. cxd4
Rxd4 29. Ne3 Rcd8 30. b4 Ne4 31. Rf1 Qxe5 32. Bb3 e6 33. Ng4 Qg5 34. Qf3 f5 35.
Bxe6+ Kg7 36. Ne5 Nd2 37. Rxd2 Bxf3 38. Nxf3 Qxd2 39. Nxd2 Rxd2 40. h3 Rb2 41.
Rc1 Rxb4 42. Rc7+ Kf6 43. Ba2 Rd1+ 44. Kh2 Rd2 45. Bg8 Rbb2 46. Kg3 Rxg2+ 47.
Kf4 Rb4+ 48. Kf3 Rd2 49. Rxh7 Rd3+ 50. Ke2 Ra3 51. Kd2 Rb2+ 52. Kc1 Rh2 53. Kb1
Rg3 54. Rf7+ Kg5 55. Rxb7 Rg1# 0-1

[Event "PRO League Group Stage"]
[Site "chess.com INT"]
[Date "2019.02.21"]
[Round "7"]
[White "Canty, James"]
[Black "Chukavin, Kirill"]
[Result "0-1"]
[BlackTitle "FM"]
[WhiteElo "2222"]
[BlackElo "2307"]
[WhiteTeam "Pittsburgh Pawngrabbers"]
[BlackTeam "Estonia Horses"]
[WhiteFideId "2055945"]
[BlackFideId "4503023"]
[EventDate "2019.01.08"]

1. e4 c5 2. c3 d5 3. exd5 Qxd5 4. d4 Nf6 5. Nf3 e6 6. Be2 Nc6 7. O-O cxd4 8.
cxd4 Be7 9. Nc3 Qd6 10. Be3 O-O 11. Rc1 a6 12. Bd3 Rd8 13. Qe2 h6 14. Rfd1 b5
15. Ne4 Nxe4 16. Bxe4 Bb7 17. d5 exd5 18. Bxd5 Qf6 19. Bb6 Re8 20. Re1 Rac8 21.
Ne5 Nxe5 22. Rxc8 Bxc8 23. Bc7 Bd6 0-1

[Event "PRO League Group Stage"]
[Site "chess.com INT"]
[Date "2019.02.21"]
[Round "7"]
[White "Postny, Evgeny"]
[Black "Giri, Anish"]
[Result "0-1"]
[WhiteTitle "GM"]
[BlackTitle "GM"]
[WhiteElo "2623"]
[BlackElo "2783"]
[WhiteTeam "Pittsburgh Pawngrabbers"]
[BlackTeam "Montreal Chessbrahs"]
[WhiteFideId "2804344"]
[BlackFideId "24116068"]
[EventDate "2019.01.08"]

1. d4 d5 2. c4 c6 3. Nf3 Nf6 4. Nc3 e6 5. Bg5 h6 6. Bxf6 Qxf6 7. e3 g6 8. Be2
Bg7 9. O-O O-O 10. cxd5 exd5 11. b4 a6 12. a4 Qd6 13. Qb3 Be6 14. Rac1 Nd7 15.
Rfd1 Rfe8 16. Ne1 a5 17. Nd3 axb4 18. Qxb4 Qxb4 19. Nxb4 Nb6 20. Ra1 c5 21. Nc2
Rec8 22. Ra3 Bf8 23. Rb3 Nxa4 24. Nxa4 Rxa4 25. dxc5 Rxc5 26. Nd4 Bc8 27. Bf3
Bg7 28. h3 Bxd4 29. exd4 Rca5 30. Kh2 h5 31. Rc1 Rc4 32. Rd1 Kg7 33. h4 Kf6 34.
Rb6+ Rc6 35. Rb2 Ke7 36. Re1+ Kd8 37. Re5 Rd6 38. Kg3 f6 39. Re3 Ra4 40. Rd3 Kc7
41. Rc3+ Rc4 42. Rd3 Bd7 43. Rdb3 Bc6 44. Rd2 Re6 45. Be2 Rc1 46. Bf3 Ree1 47.
Ra3 Ra1 48. Rb3 Ra4 49. Rc3 Kd6 50. Rb3 Rc1 51. Re3 Rcc4 52. Rde2 Bd7 53. Re7
Rxd4 54. Rg7 Bf5 55. Rxb7 Rxh4 56. Rb6+ Kc5 57. Reb2 Bd3 58. Rb8 Rh1 59. Rc8+
Kd4 60. Rd2 Rc4 61. Rd8 h4+ 62. Kf4 Kc3+ 63. Ke3 Re1+ 64. Be2 Rxe2+ 65. Rxe2
Re4+ 0-1

[Event "PRO League Group Stage"]
[Site "chess.com INT"]
[Date "2019.02.21"]
[Round "7"]
[White "Hansen, Eric"]
[Black "Shabalov, Alexander"]
[Result "1-0"]
[WhiteTitle "GM"]
[BlackTitle "GM"]
[WhiteElo "2615"]
[BlackElo "2529"]
[WhiteTeam "Montreal Chessbrahs"]
[BlackTeam "Pittsburgh Pawngrabbers"]
[WhiteFideId "2606771"]
[BlackFideId "2008572"]
[EventDate "2019.01.08"]

1. e4 g6 2. d4 Bg7 3. Nc3 d6 4. Nf3 a6 5. Bd3 b5 6. Ne2 Nf6 7. c3 O-O 8. O-O Bg4
9. Ng3 e5 10. dxe5 dxe5 11. h3 Bxf3 12. Qxf3 Nbd7 13. a4 Nc5 14. Bc2 Qd7 15. Bg5
Qc6 16. axb5 axb5 17. Rxa8 Rxa8 18. Rd1 Nfd7 19. Nf1 Ne6 20. Bc1 Ndc5 21. Ne3
Nf4 22. Kh2 Qe6 23. Nd5 Nxd5 24. Rxd5 Qc6 25. Be3 Ne6 26. Bb3 Rb8 27. Qd1 b4 28.
Rd3 bxc3 29. Rxc3 Qd6 30. Qxd6 cxd6 31. Bd5 Bf6 32. b3 Kf8 33. Rc6 Ke7 34. Ra6
Bg5 35. Ba7 Nc7 36. Ra4 Rb5 37. Bc4 Rb7 38. g3 Bd2 39. Kg2 Bb4 40. Be3 Bc5 41.
Bd2 Bd4 42. f4 exf4 43. gxf4 Ra7 44. Kf3 f6 45. Ke2 Bc5 46. Kd3 Kd7 47. Bg8 h6
48. Bf7 g5 49. f5 Kc6 50. Rxa7 Bxa7 51. Bc3 Na6 52. Kc4 Nc5 53. Bxf6 Bb6 54. b4
Nd7 55. Be8 Kc7 56. Bxd7 1-0

[Event "PRO League Group Stage"]
[Site "chess.com INT"]
[Date "2019.02.21"]
[Round "7"]
[White "Le, Tuan Minh"]
[Black "Noritsyn, Nikolay"]
[Result "1-0"]
[WhiteTitle "IM"]
[BlackTitle "IM"]
[WhiteElo "2515"]
[BlackElo "2484"]
[WhiteTeam "Pittsburgh Pawngrabbers"]
[BlackTeam "Montreal Chessbrahs"]
[WhiteFideId "12401153"]
[BlackFideId "2604922"]
[EventDate "2019.01.08"]

1. d4 e6 2. Nf3 f5 3. g3 Nf6 4. Bg2 d5 5. O-O Bd6 6. b3 O-O 7. Ba3 b6 8. Bxd6
Qxd6 9. c4 Ne4 10. Qc2 Nd7 11. Nc3 c6 12. Rac1 Ba6 13. e3 Rac8 14. Rfd1 Qe7 15.
Qb2 Rfe8 16. Ne2 g5 17. Rc2 Rc7 18. Nc1 dxc4 19. bxc4 c5 20. Nb3 Bb7 21. Nbd2
Nd6 22. Rcc1 Rec8 23. Qb3 h6 24. a4 g4 25. Ne1 Nf6 26. dxc5 Rxc5 27. Bxb7 Nxb7
28. e4 fxe4 29. Qe3 Nd6 30. Qxh6 Rh5 31. Qe3 Qh7 32. Nf1 Nf5 33. Qf4 Kg7 34. Ng2
Qh6 35. a5 Kf7 36. axb6 axb6 37. Ra1 Ne7 38. Ra7 Qxf4 39. Nxf4 Rhc5 40. Rd6 R8c6
41. Rxc6 Rxc6 42. Ne3 Ke8 43. Kg2 Nf5 44. Ra8+ Kf7 45. Ra7+ Ke8 46. Nxf5 exf5
47. Rb7 Nd7 48. Nd5 Rd6 49. Ra7 Rc6 50. h3 gxh3+ 51. Kxh3 Rh6+ 52. Kg2 Rc6 53.
Kf1 Kd8 54. Ke2 Ne5 55. Ne3 Nxc4 56. Nxf5 b5 57. Rb7 Rc5 58. Nd4 Rd5 59. Nxb5
Rd2+ 60. Ke1 Rc2 61. Nd4 Rc1+ 62. Ke2 Ra1 63. Ne6+ Ke8 64. Ng7+ Kd8 65. Nf5 Ra2+
66. Ke1 Ra1+ 67. Ke2 Ra2+ 68. Kf1 Nd2+ 69. Kg2 Nc4 70. Rb4 e3 71. Rxc4 Rxf2+ 72.
Kg1 Rxf5 73. Re4 Rf3 74. Kg2 Rf2+ 75. Kh3 Re2 76. g4 Re1 77. Kg3 Kd7 78. Kf3 Kd6
79. Re8 Rf1+ 80. Kg2 Re1 81. g5 Kd7 82. Re4 e2 83. g6 Rf1 84. g7 e1=Q 85. Rxe1
Rxe1 86. g8=Q Re7 87. Kf3 Kd6 88. Kf4 Re6 89. Kf5 Re5+ 90. Kf6 Re4 91. Qd8+ Kc5
92. Kf5 Rd4 93. Qc8+ Kd5 94. Qc7 Rd3 95. Qe5+ Kc4 96. Ke4 Rd2 97. Qc7+ Kb3 98.
Ke3 Rd1 99. Qc5 Kb2 100. Ke2 Rh1 101. Qd4+ Ka3 102. Qa7+ Kb2 103. Qb7+ Ka3 104.
Qxh1 1-0

[Event "PRO League Group Stage"]
[Site "chess.com INT"]
[Date "2019.02.21"]
[Round "7"]
[White "Tomb, Maroun"]
[Black "Canty, James"]
[Result "0-1"]
[WhiteTitle "CM"]
[WhiteElo "2180"]
[BlackElo "2222"]
[WhiteTeam "Montreal Chessbrahs"]
[BlackTeam "Pittsburgh Pawngrabbers"]
[WhiteFideId "5300398"]
[BlackFideId "2055945"]
[EventDate "2019.01.08"]

1. e4 c5 2. Ne2 g6 3. Nbc3 Bg7 4. d4 cxd4 5. Nxd4 Nc6 6. Nde2 Nf6 7. g3 b5 8.
Bg2 Rb8 9. O-O O-O 10. a3 a5 11. h3 b4 12. axb4 axb4 13. Nd5 Nxd5 14. exd5 Ne5
15. Ra2 d6 16. Re1 Bb7 17. Nd4 Qc7 18. f4 Nc4 19. Kh2 Nb6 20. Nc6 Bxc6 21. dxc6
e6 22. Be3 d5 23. Bc5 Rfc8 24. Bxb4 Qxc6 25. c3 Qc4 26. b3 Qc7 27. Qd3 Nd7 28.
Ba5 Qb7 29. c4 Nc5 30. Qe3 Qxb3 31. Qxb3 Nxb3 32. cxd5 Nxa5 33. dxe6 fxe6 34.
Rxe6 Bc3 35. Bd5 Kh8 36. Re3 Rb2+ 37. Rxb2 Bxb2 38. h4 Rd8 39. Bf3 Bf6 40. h5
Kg7 41. Ra3 Nc4 42. Ra7+ Kh8 43. Ra6 Bg7 44. hxg6 hxg6 45. Rxg6 Kh7 46. Rg5 Re8
47. Bd5 Re2+ 48. Kh3 Ne3 49. Be4+ Kg8 50. Bf3 Re1 51. Rb5 Bf6 52. g4 Rf1 53. Kg3
Bc3 54. g5 Be1+ 55. Kh2 Rxf3 56. Rb1 Bg3+ 57. Kg1 Bxf4 58. Rb5 Rf1# 0-1

[Event "PRO League Group Stage"]
[Site "chess.com INT"]
[Date "2019.02.21"]
[Round "7"]
[White "Tomczak, Jacek"]
[Black "Jobava, Baadur"]
[Result "1/2-1/2"]
[WhiteTitle "GM"]
[BlackTitle "GM"]
[WhiteElo "2631"]
[BlackElo "2629"]
[WhiteTeam "Berlin Bears"]
[BlackTeam "Tbilisi Gentlemen"]
[WhiteFideId "1124668"]
[BlackFideId "13601520"]
[EventDate "2019.01.08"]

1. e4 c6 2. d4 d5 3. Nc3 dxe4 4. Nxe4 Nf6 5. Nxf6+ exf6 6. c3 Bd6 7. Bd3 O-O 8.
Qc2 Re8+ 9. Ne2 h6 10. Be3 Be6 11. O-O Qc7 12. Ng3 Nd7 13. c4 Re7 14. Kh1 Rae8
15. Rae1 Nf8 16. a3 Bc8 17. b4 a5 18. c5 Bxg3 19. hxg3 axb4 20. axb4 Qd8 21. b5
Ne6 22. Qc3 Nc7 23. bxc6 bxc6 24. Qa5 Qd5 25. Be2 Ba6 26. Bxa6 Ra8 27. Qb6 Rxa6
28. Qb8+ Kh7 29. Bxh6 Ne6 30. Bf4 Qxd4 31. Bd6 Rea7 32. Qb1+ g6 33. Re4 Qd5 34.
Rh4+ Kg7 35. Qc1 g5 36. Rb4 Ra2 37. Rb8 Rd2 38. Qb1 Raa2 39. Kg1 Rac2 40. Qa1
Qa2 41. Qxa2 Rxa2 42. Rc8 g4 43. Bf4 Rd5 44. Be3 Nxc5 45. Rxc6 Ne4 46. Rfc1 f5
47. Rc7 Re2 48. Re7 Nxf2 49. Bh6+ Kxh6 50. Rxe2 Ne4 51. Kh2 Kg5 52. Rc7 Rd6 53.
Rxf7 Rh6+ 54. Kg1 Nxg3 55. Re8 Kf4 56. Kf2 Ne4+ 57. Kg1 Ng3 58. Kf2 Rh1 59. Re1
Ne4+ 60. Ke2 Rh2 61. Rf1+ Kg3 62. R7xf5 Rxg2+ 63. Ke3 Nd6 64. Rc5 Ra2 65. Rg1+
Kh4 66. Rh1+ Kg3 67. Rg1+ Kh4 68. Rh1+ Kg3 69. Rg1+ Kh4 70. Rh1+ Kg3 1/2-1/2

[Event "PRO League Group Stage"]
[Site "chess.com INT"]
[Date "2019.02.21"]
[Round "7"]
[White "Paichadze, Luka"]
[Black "Braun, Arik"]
[Result "1-0"]
[WhiteTitle "GM"]
[BlackTitle "GM"]
[WhiteElo "2583"]
[BlackElo "2598"]
[WhiteTeam "Tbilisi Gentlemen"]
[BlackTeam "Berlin Bears"]
[WhiteFideId "13602934"]
[BlackFideId "4663527"]
[EventDate "2019.01.08"]

1. e4 c6 2. d4 d5 3. e5 Bf5 4. h4 Qb6 5. Nc3 h5 6. Bd3 Bxd3 7. Qxd3 e6 8. Nce2
Ne7 9. Nf3 Nf5 10. O-O Qa6 11. Qd1 c5 12. c3 Nc6 13. Ng3 Nxg3 14. fxg3 Ne7 15.
dxc5 Nf5 16. b4 Nxg3 17. Re1 Be7 18. Bg5 f6 19. exf6 gxf6 20. Bxf6 Bxf6 21. b5
Qxb5 22. Rxe6+ Be7 23. Qxd5 Qd7 24. Qe5 Rh7 25. c6 bxc6 26. Re1 O-O-O 27. Qxg3
Bc5+ 28. Kh1 Rg7 29. Qe5 Bb6 30. Qe4 Kb7 31. Qe5 Bc7 32. Rb1+ Ka8 33. Qe4 Qd5
34. Qxd5 cxd5 35. Rh6 Ba5 36. Nd4 Rdg8 37. Rg1 Bxc3 38. Nf5 Rg4 39. Rxh5 d4 40.
Ne7 Rd8 41. Nc6 Rd5 42. Rh7 Rd7 43. Rh8+ Kb7 44. Ne5 Rdg7 45. Nxg4 Rxg4 46. Rd1
Kc6 47. Kh2 Kd5 48. Kh3 Re4 49. Rd8+ Kc4 50. Rc8+ Kd5 51. Rxc3 Re2 52. Rcd3 1-0

[Event "PRO League Group Stage"]
[Site "chess.com INT"]
[Date "2019.02.21"]
[Round "7"]
[White "Bezold, Michael"]
[Black "Quparadze, Giga"]
[Result "1-0"]
[WhiteTitle "GM"]
[BlackTitle "GM"]
[WhiteElo "2487"]
[BlackElo "2493"]
[WhiteTeam "Berlin Bears"]
[BlackTeam "Tbilisi Gentlemen"]
[WhiteFideId "4601718"]
[BlackFideId "13602250"]
[EventDate "2019.01.08"]

1. b3 c5 2. Bb2 d6 3. g3 Nc6 4. Bg2 e5 5. e3 f5 6. Ne2 Nf6 7. O-O Be7 8. c4 O-O
9. d3 Be6 10. Nbc3 Qd7 11. Nd5 Nb4 12. Nxe7+ Qxe7 13. a3 Nc6 14. d4 Bf7 15. Qc2
cxd4 16. exd4 e4 17. d5 Ne5 18. Nd4 Qd7 19. f4 Neg4 20. Rfe1 Rac8 21. h3 Nh6 22.
Qd2 a6 23. a4 Rfe8 24. Re3 Kh8 25. a5 Nhg8 26. Qb4 h5 27. Qa4 Nh6 28. Qxd7 Nxd7
29. Ra4 Nc5 30. Ra1 Kg8 31. Bf1 Red8 32. Be2 Rb8 33. b4 Nd7 34. Rc1 Re8 35. Kf2
Rbc8 36. Rec3 Nf6 37. b5 Ra8 38. Ba3 Red8 39. Bb4 Kh7 40. Rd1 Rac8 41. b6 g6 42.
Ne6 Rd7 43. Rcc1 Nhg8 44. c5 Nxd5 45. Ng5+ Kg7 46. c6 Rxc6 47. Rxc6 bxc6 48.
Nxf7 Kxf7 49. Be1 h4 50. Bxa6 Rd8 51. Bc4 Nf6 52. a6 hxg3+ 53. Kxg3 Nh5+ 54. Kh2
Nxf4 55. b7 Rh8 56. h4 Ke7 57. Bxd5 Nxd5 58. Rxd5 cxd5 59. a7 1-0

[Event "PRO League Group Stage"]
[Site "chess.com INT"]
[Date "2019.02.21"]
[Round "7"]
[White "Volkov, Nika"]
[Black "Hoolt, Sarah"]
[Result "0-1"]
[BlackTitle "WGM"]
[WhiteElo "2153"]
[BlackElo "2358"]
[WhiteTeam "Tbilisi Gentlemen"]
[BlackTeam "Berlin Bears"]
[WhiteFideId "13604376"]
[BlackFideId "24606812"]
[EventDate "2019.01.08"]

1. d4 Nf6 2. c4 e6 3. Nc3 d5 4. Nf3 c6 5. e3 Nbd7 6. Bd3 dxc4 7. Bxc4 b5 8. Bd3
Bd6 9. O-O O-O 10. Bd2 Bb7 11. Rc1 a6 12. Qe2 c5 13. a3 e5 14. dxe5 Bxf3 15.
gxf3 Nxe5 16. Bf5 Ng6 17. Rfd1 Qe7 18. Qf1 Bxh2+ 19. Kh1 Bc7 20. Qh3 Rad8 21.
Ne4 Nxe4 22. fxe4 Be5 23. Rc2 Rd3 24. Rg1 Rfd8 25. Be1 Rd1 26. f4 Bf6 27. Rh2 h6
28. Bxg6 fxg6 29. e5 Qb7+ 30. Rhg2 Be7 31. Qe6+ Kh8 32. Qxg6 Bf8 33. Kh2 Qf3 34.
e6 Qxe3 35. Rg3 Qxf4 36. e7 Qh4+ 37. Rh3 R8d2+ 38. Bxd2 Rxd2+ 39. Rg2 Rxg2+ 40.
Kxg2 Qxe7 41. Rf3 Kg8 42. Qxa6 b4 43. Qc4+ Kh8 44. Rf7 Qg5+ 45. Kf1 Bd6 46. a4
Qd2 47. Rf2 Qd1+ 48. Kg2 Qxa4 49. Qd5 Qd7 50. Qf3 Qe7 51. Re2 Qg5+ 52. Kf1 Qf4
53. Re8+ Kh7 0-1

[Event "PRO League Group Stage"]
[Site "chess.com INT"]
[Date "2019.02.21"]
[Round "7"]
[White "Lenic, Luka"]
[Black "Meshkovs, Nikita"]
[Result "1-0"]
[WhiteTitle "GM"]
[BlackTitle "GM"]
[WhiteElo "2645"]
[BlackElo "2557"]
[WhiteTeam "Ljubljana Turtles"]
[BlackTeam "Estonia Horses"]
[WhiteFideId "14603853"]
[BlackFideId "11602740"]
[EventDate "2019.01.08"]

1. d4 Nf6 2. c4 e6 3. Nc3 Bb4 4. Qc2 d5 5. a3 Bxc3+ 6. Qxc3 c5 7. dxc5 d4 8. Qg3
Nc6 9. Nf3 e5 10. b4 e4 11. Nd2 O-O 12. e3 Nh5 13. Qd6 dxe3 14. Qxd8 Rxd8 15.
fxe3 Nf6 16. h3 a5 17. b5 Ne5 18. Bb2 Nd3+ 19. Bxd3 Rxd3 20. Ke2 Be6 21. Rhc1
Rad8 22. Bd4 Nh5 23. Nxe4 Nf4+ 24. Kf1 f5 25. Nd6 Rd7 26. b6 Rd2 27. c6 Rxd6 28.
cxb7 Rd8 29. c5 Ne2 30. c6 Ng3+ 31. Kg1 Bd5 32. e4 Bxe4 33. Bf2 Ne2+ 34. Kh2
Nxc1 35. c7 Bxb7 36. cxd8=Q+ Rxd8 37. Rxc1 Rd2 38. Kg1 Rb2 39. Rc7 Be4 40. Bd4
Rxg2+ 41. Kf1 Rg3 42. b7 Bxb7 43. Rxb7 Rxa3 44. Rxg7+ Kf8 45. Rxh7 Rd3 46. Bc5+
Kg8 47. Rh4 Kg7 48. Kg2 Kg6 49. Ra4 Rd2+ 50. Bf2 Rd5 51. Be1 Re5 52. Kf2 Rb5 53.
Rxa5 Rb2+ 54. Kg3 Rb3+ 55. Kg2 Kg5 56. Ra4 Rb2+ 57. Bf2 Rb3 58. Ra8 Rc3 59. Rg8+
Kf4 60. Rg3 Rc2 61. h4 Ke4 62. h5 f4 63. Rg7 Rc6 64. Rg6 Rc8 65. Rg5 Rh8 66. Bc5
Rh6 67. Bf8 Rh7 68. h6 Ke3 69. Re5+ Kd4 70. Bg7 Rxh6 71. Rg5+ Ke3 72. Bxh6 Ke2
73. Re5+ 1-0

[Event "PRO League Group Stage"]
[Site "chess.com INT"]
[Date "2019.02.21"]
[Round "7"]
[White "Ehlvest, Jaan"]
[Black "Borisek, Jure"]
[Result "1-0"]
[WhiteTitle "GM"]
[BlackTitle "GM"]
[WhiteElo "2521"]
[BlackElo "2584"]
[WhiteTeam "Estonia Horses"]
[BlackTeam "Ljubljana Turtles"]
[WhiteFideId "4500016"]
[BlackFideId "14603152"]
[EventDate "2019.01.08"]

1. e4 e5 2. Nf3 Nc6 3. Bb5 a6 4. Ba4 Nf6 5. Nc3 d6 6. Bxc6+ bxc6 7. d4 Nd7 8.
Be3 Be7 9. Qe2 O-O 10. dxe5 dxe5 11. O-O a5 12. Rfd1 Ba6 13. Qe1 Bd6 14. b3 Qe7
15. Na4 Bb5 16. Nb2 c5 17. a4 Bc6 18. Nd2 f5 19. exf5 Rxf5 20. Nbc4 e4 21. Nxd6
cxd6 22. Nc4 d5 23. Nxa5 Ra6 24. Nxc6 Rxc6 25. Qa5 Kf7 26. b4 d4 27. Bxd4 Qe6
28. bxc5 Kg6 29. Ra3 Rg5 30. Rg3 Rxg3 31. hxg3 h5 32. Qb5 Qd5 33. c4 Qe6 34. a5
Nf6 35. Bxf6 gxf6 36. Rd6 Rxd6 37. cxd6 e3 38. fxe3 Qxe3+ 39. Kh2 h4 40. gxh4
Qf4+ 41. Kh3 f5 42. Qe8+ 1-0

[Event "PRO League Group Stage"]
[Site "chess.com INT"]
[Date "2019.02.21"]
[Round "7"]
[White "Skoberne, Jure"]
[Black "Burg, Twan"]
[Result "0-1"]
[WhiteTitle "GM"]
[BlackTitle "GM"]
[WhiteElo "2582"]
[BlackElo "2514"]
[WhiteTeam "Ljubljana Turtles"]
[BlackTeam "Estonia Horses"]
[WhiteFideId "14604299"]
[BlackFideId "1010697"]
[EventDate "2019.01.08"]

1. Nf3 d5 2. g3 Nf6 3. Bg2 g6 4. c4 c6 5. b3 Bg7 6. Bb2 O-O 7. O-O a5 8. Nc3 Ne4
9. d4 Bf5 10. Nh4 Nxc3 11. Bxc3 Be6 12. Qd3 Nd7 13. e4 dxc4 14. bxc4 Ne5 15. Qb1
Nxc4 16. Qxb7 c5 17. d5 Bxc3 18. Rac1 Rb8 19. Qa6 Nd2 20. Rxc3 Nxf1 21. Bxf1 Bc8
22. Qa7 Rb2 23. a3 Qb6 24. Qxb6 Rxb6 25. Rxc5 Ba6 26. Rxa5 Bxf1 27. Kxf1 Rc8 28.
Ra7 Kf8 29. Nf3 Rb2 30. Ne5 Rcc2 31. Nd3 Ra2 0-1

[Event "PRO League Group Stage"]
[Site "chess.com INT"]
[Date "2019.02.21"]
[Round "7"]
[White "Chukavin, Kirill"]
[Black "Skuhala, Luka"]
[Result "1-0"]
[WhiteTitle "FM"]
[WhiteElo "2307"]
[BlackElo "2119"]
[WhiteTeam "Estonia Horses"]
[BlackTeam "Ljubljana Turtles"]
[WhiteFideId "4503023"]
[BlackFideId "14605678"]
[EventDate "2019.01.08"]

1. e4 c5 2. Nf3 d6 3. d4 cxd4 4. Nxd4 Nf6 5. Nc3 a6 6. h3 e5 7. Nde2 Be6 8. g4
Nc6 9. Bg2 Be7 10. a4 O-O 11. O-O Nb4 12. Nd5 Nbxd5 13. exd5 Bd7 14. a5 b6 15.
axb6 Qxb6 16. b3 Rfb8 17. Be3 Qb4 18. f4 exf4 19. Rxf4 Qb7 20. Ng3 a5 21. Qd2 h6
22. Rxa5 Rxa5 23. Qxa5 Ra8 24. Qb4 Ra1+ 25. Kh2 Qa8 26. Bd4 Ra2 27. Bxf6 Bxf6
28. Rxf6 gxf6 29. Qxd6 Qc8 30. c4 Bxg4 31. hxg4 Qxg4 32. Qxf6 h5 33. Qf5 Qh4+
34. Qh3 Qf4 35. Qxh5 Qf2 36. Qg5+ Kh8 37. Ne4 Qb2 38. Qh6+ Kg8 39. Nf6+ Qxf6 40.
Qxf6 1-0

[Event "PRO League Group Stage"]
[Site "chess.com INT"]
[Date "2019.02.21"]
[Round "7"]
[White "Xiong, Jeffery"]
[Black "Grigoriants, Sergey"]
[Result "1/2-1/2"]
[WhiteTitle "GM"]
[BlackTitle "GM"]
[WhiteElo "2672"]
[BlackElo "2541"]
[WhiteTeam "Dallas Destiny"]
[BlackTeam "Moscow Wizards"]
[WhiteFideId "2047640"]
[BlackFideId "4130804"]
[EventDate "2019.01.08"]

1. d4 Nf6 2. c4 e6 3. Nf3 d5 4. g3 Bb4+ 5. Bd2 Be7 6. Bg2 O-O 7. O-O c6 8. Qc2
Nbd7 9. Rd1 a5 10. Bf4 Nh5 11. Bc1 Nhf6 12. Nbd2 b5 13. c5 Qc7 14. e4 dxe4 15.
Nxe4 Nxe4 16. Qxe4 Nf6 17. Bf4 Qb7 18. Qc2 Nd5 19. Bg5 h6 20. Bxe7 Nxe7 21. Ne5
Rd8 22. a4 b4 23. Nc4 Qc7 24. Qe4 Bd7 25. Qe5 Qa7 26. Rac1 Be8 27. Be4 Qa6 28.
Bd3 Qb7 29. Qe4 Nf5 30. Bb1 g6 31. Qf4 Qb8 32. Qxb8 Rdxb8 33. g4 Ne7 34. f4 Nd5
35. f5 exf5 36. gxf5 b3 37. Kf2 g5 38. Be4 Nf6 39. Bf3 Rb4 40. Nd6 Bd7 41. d5
Rf4 42. Kg3 Ra6 43. Rc4 Rxc4 44. Nxc4 cxd5 45. Bxd5 1/2-1/2

[Event "PRO League Group Stage"]
[Site "chess.com INT"]
[Date "2019.02.21"]
[Round "7"]
[White "Dobrov, Vladimir"]
[Black "Holt, Conrad"]
[Result "0-1"]
[WhiteTitle "GM"]
[BlackTitle "GM"]
[WhiteElo "2478"]
[BlackElo "2548"]
[WhiteTeam "Moscow Wizards"]
[BlackTeam "Dallas Destiny"]
[WhiteFideId "4136594"]
[BlackFideId "2034387"]
[EventDate "2019.01.08"]

1. d4 d5 2. c4 c6 3. Nc3 Nf6 4. e3 Nbd7 5. Nf3 e6 6. Qc2 b6 7. e4 dxe4 8. Nxe4
Nxe4 9. Qxe4 Bb4+ 10. Bd2 Bxd2+ 11. Kxd2 Bb7 12. Bd3 Nf6 13. Qe3 O-O 14. Rhd1 c5
15. dxc5 bxc5 16. Ne5 Qb6 17. Kc2 Rab8 18. b3 Rfd8 19. f3 Rd4 20. Be2 Rbd8 21.
Rd3 Qa5 22. Qd2 Qc7 23. Qe3 Be4 24. fxe4 Qxe5 25. Rad1 Nxe4 26. Bf3 f5 27. Rxd4
cxd4 28. Qe2 Qa5 29. Kb2 Qc3+ 30. Kb1 d3 31. Qb2 d2 32. Qc2 Qd4 0-1